Wicked wonders /

A rebellious child identifies with Maleficent instead of Sleeping Beauty. Best friends Anna and Corry share one last morning on Earth. A solitary woman inherits a penny arcade haunted by a beautiful stranger. A prep-school student requires more than luck when playing dice with a faerie. Ladies who l...

Full description

Bibliographic Details
Main Author: Klages, Ellen, 1954- (Author)
Format: Book
Language:English
Published: San Francisco : Tachyon Publications, [2017]
Edition:First edition.
Subjects:

MARC

Tag First Indicator Second Indicator Subfields
LEADER 00000cam a2200000Ii 4500
001 in00003806021
005 20170926120220.0
008 160930t20172017cau 000 j eng d
020 |a 1616962615  |q (paperback) 
020 |a 9781616962616  |q (paperback) 
035 |a (OCoLC)ocn959535081 
040 |a YDX  |e rda  |c YDX  |d BWK  |d BDX  |d LIQ  |d AZT  |d UtOrBLW 
049 |a TXAM 
090 |a PS3611.L348  |b W53 2017 
100 1 |a Klages, Ellen,  |d 1954-  |e author.  |0 http://id.loc.gov/authorities/names/n91007144 
245 1 0 |a Wicked wonders /  |c Ellen Klages ; introduction by Karen Joy Fowler. 
250 |a First edition. 
264 1 |a San Francisco :  |b Tachyon Publications,  |c [2017] 
264 4 |c ©2017 
300 |a 288 pages ;  |c 22 cm. 
336 |a text  |b txt  |2 rdacontent 
337 |a unmediated  |b n  |2 rdamedia 
505 0 0 |t The education of a witch --  |t Amicae aeternum --  |t Mrs. Zeno's paradox --  |t Singing on a star --  |t Hey, presto! --  |t Echoes of Aurora --  |t Friday night at St. Cecilia's --  |t Caligo Lane --  |t Goodnight moons --  |t Gone to the library --  |t Household management --  |t Sponda the suet girl and the secret of the french pearl --  |t Woodsmoke --  |t The scary ham. 
520 |a A rebellious child identifies with Maleficent instead of Sleeping Beauty. Best friends Anna and Corry share one last morning on Earth. A solitary woman inherits a penny arcade haunted by a beautiful stranger. A prep-school student requires more than luck when playing dice with a faerie. Ladies who lunch, dividing one last bite of dessert, delve into new dimensions of quantum politeness. At summer camp, a young girl discovers the heartbreak of forbidden love. Whether on a habitat on Mars or in a boardinghouse in London, discover Ellen Klages' wicked, wondrous adventures full of cheeky wit, empathy and courage. 
650 0 |a Short stories.  |0 http://id.loc.gov/authorities/subjects/sh85121813 
655 7 |a Fantasy fiction.  |2 lcgft  |0 http://id.loc.gov/authorities/genreForms/gf2014026333 
945 |b 123257 
947 |a A14850160913 
948 |a cataloged  |b h  |c 2017/6/7  |d c  |e dmitchel  |f 1:10:20 pm 
994 |a 92  |b TXA 
999 f f |s a7c115fc-822d-3032-bcf1-8e5012495a36  |i 36bebab5-cd17-3f74-8104-22cd703473f4  |t 0 
952 f f |p noncirc  |a Texas A&M University  |b College Station  |c Cushing Memorial Library & Archives  |d Cushing: Science Fiction (Does not check out)  |t 0  |e PS3611.L348 W53 2017  |h Library of Congress classification  |i unmediated -- volume  |m A14853339014 
952 f f |p normal  |a Texas A&M University  |b College Station  |c Sterling C. Evans Library  |d Evans: Library Stacks  |t 0  |e PS3611.L348 W53 2017  |h Library of Congress classification  |i unspecified -- unspecified  |m A14850160913 
998 f f |a PS3611.L348 W53 2017  |t 0  |l Cushing: Science Fiction (Does not check out) 
998 f f |a PS3611.L348 W53 2017  |t 0  |l Evans: Library Stacks